Представление документа в формате RUSMARC

ПолеНазваниеЗначение
  Тип записи a
  Библиографический уровень a
001 Контрольный номер RU/CBS_UL/BASE/558113438
005 Дата корректировки 20240209175215.9
100 Данные общей обработки __
a Данные общей обработки 20170907d2017 ||| 0rusy0189 ca
101 Язык документа 0_
a Язык текста rus
102 Страна публикации __
a Страна публикации RU
105 Кодированные данные (монография) __
a Кодированные данные (монография) y###||||000|y
200 Заглавие и сведения об ответственности 1_
a Заглавие "Впереди сверкало льдом озеро Чудское"
b Общее обозначение материала Текст
e Сведения, относящиеся к заглавию [сценарий интерактивного исторического путешествия, посвященного битве войска князя Александра Невского, для учащихся 6-9-х классов]
f Первые сведения об ответственности В.Н. Петрова
300 Общие примечания __
a Общие примечания Ограничения по возрасту - 16+
320 Библиография __
a Библиография Библиогр.: с. 34
461 Уровень набора _0
1 2000
a Читаем, учимся, играем
463 Уровень физической единицы _0
1 001RU/CBS_UL/BASE/558109634
1 2000
a № 1
v С. 30-34
1 210
d 2017
600 Персоналии _0
a Персоналии (Фамилия) Невский
b Персоналии (Имя, инициалы) А.Я.
606 Тематические рубрики 0_
a Основная рубрика Культурно-досуговая деятельность - Программы - Сценарии
610 Ключевые слова 0_
a Ключевые слова сценарии
a Ключевые слова интерактивные исторические путешествия
a Ключевые слова битвы
a Ключевые слова Невская битва
686 Индексы других классификаций __
a Классификационный индекс 74.200.5
2 Код системы ББК
700 Автор _1
a Фамилия Петрова
b Имя (инициалы) В.Н.
g Полное личное имя Валентина Николаевна
801 Источник записи _0
a Страна RU
b Организация МБУК ЦБС г. Ульяновска
c Дата составления 20170907
g Правила каталогизации RCR
801 Источник записи _1
a Страна RU
b Организация МБУК ЦБС г. Ульяновска
c Дата составления 20170907
g Правила каталогизации RCR
901 Тип документа __
t Тип документа b
w Контрольный № источника RU/CBS_UL/BASE/558109634
910 Корректоры записи __
a Корректор записи Библиотека 6
938 Служебная информация __
a Имя БД period